100 akhlak mulia

Bibliographic Details
Main Author: Hasan Hj. Mohd Ali
Corporate Author: Title : Seratus akhlak mulia
Format: Book
Published: Kuala Lumpur : Utusan Publications & Distributors , 2005
Subjects:

MARC

LEADER 00000cam a2200000 7i4500
001 0000012263
005 20071210.0
008 071210
020 |a 9676106100 
090 0 0 |a 297.44   |b HAS 
100 0 |a Hasan Hj. Mohd Ali 
245 1 0 |a 100 akhlak mulia   |c Hasan Hj. Mohd Ali 
260 |a Kuala Lumpur :   |b Utusan Publications & Distributors ,   |c 2005 
650 0 |a Family   |x Religious life 
650 0 |a Human behaviour   |x Religious aspects   |x Islam 
650 0 |a Islam   |x Customs and practices 
650 0 |a Malay fiction 
710 0 |a Title : Seratus akhlak mulia 
999 |a 0001005552   |b Book   |c Adult Collection   |e Perbadanan Perpustakaan Awam Johor 
999 |a 0001005553   |b Book   |c Adult Collection   |e Perbadanan Perpustakaan Awam Johor 
999 |a 0001005554   |b Book   |c Adult Collection   |e Perbadanan Perpustakaan Awam Johor